000 00615cam a2200169 4500
001 ABS61007
008 000000n1999 000 0 eng u
035 _a(Sirsi) u101561
100 _aSeabrooke, W.
245 _aGlobalization and the surveying profession.
260 _c1999
490 _aHong Kong Surveyor
_v10(1) April 1999, 54-57(5)
520 _aDiscusses the growing demand for real estate advice with a global perspective and considers the implications of this for the surveying profession.
650 _aGLOBALIZATION
690 _aMANAGEMENT-BUSINESS MANAGEMENT-PROFESSIONAL PRACTICE
942 _n0
999 _c60693
_d60693